Niektoré možnosti využitia finančnej matematiky v investičnom rozhodovaní

Jednou z významných možností využitia finančnej matematiky je oblasť investičného rozhodovania. Opodstatnenosť jej využitia pri posudzovaní investičných projektov. Analýza finančných tokov. Prítomná hodnota finančných tokov. Vnútorná miera výnnosnosti. Čas návratnosti - PP (payback period).

Guardado en:
Detalles Bibliográficos
Autor principal: Kadlečková, Magdaléna
Formato: Capítulo de libro
Lenguaje:eslovaco
Materias:
Etiquetas: Agregar Etiqueta
Sin Etiquetas, Sea el primero en etiquetar este registro!

MARC

LEADER 00000naa$a2200000$$$4500
001 0033179
005 20231107131512.4
041 0 |a slo 
044 |a SK 
245 1 0 |a Niektoré možnosti využitia finančnej matematiky v investičnom rozhodovaní  |c Magdaléna Kadlečková 
520 |a Jednou z významných možností využitia finančnej matematiky je oblasť investičného rozhodovania. Opodstatnenosť jej využitia pri posudzovaní investičných projektov. Analýza finančných tokov. Prítomná hodnota finančných tokov. Vnútorná miera výnnosnosti. Čas návratnosti - PP (payback period). 
610 2 0 |a rozhodovanie investičné 
610 2 0 |a matematika finančná 
610 2 0 |a cash flow 
610 2 0 |a analýzy 
610 2 0 |a hodnota 
610 2 0 |a výnosnosť 
610 2 0 |a návratnosť investícií 
100 1 |a Kadlečková, Magdaléna